Aus der modernsten Belletristik Íráns

Elmentve itt :
Bibliográfiai részletek
Szerző: Rypka Jan
Dokumentumtípus: Cikk
Megjelent: 1935
Sorozat:Archiv Orientální
Kulcsszavak:Perzsa irodalom története
Tárgyszavak:
Online Access:http://misc.bibl.u-szeged.hu/65698
LEADER 00728nab a2200229 i 4500
001 misc65698
005 20230630151629.0
008 230602s1935 hu o 0|| ger d
040 |a SZTE Miscellanea Repozitórium  |b hun 
041 |a ger 
100 1 |a Rypka Jan 
245 1 4 |a Aus der modernsten Belletristik Íráns  |h [elektronikus dokumentum] /  |c  Rypka Jan 
260 |c 1935 
300 |a 302-313  |c 25 cm 
300 |a [12] p., 1 t.  |c 25 cm 
490 0 |a Archiv Orientální 
561 |a Németh Gyula hagyaték 
591 |a NOP 4958 
650 4 |a Bölcsészettudományok 
650 4 |a Nyelvek és irodalom 
695 |a Perzsa irodalom története 
856 4 0 |u http://misc.bibl.u-szeged.hu/65698/1/4958_noa.pdf  |z Dokumentum-elérés